000 01788nam a2200493 i 4500
001 196029
003 ES-MaACL
005 20250720091909.0
008 240810s1997 sp | ||| ||spa
016 7 _abimoBNE19995141258
_2SpMaBN
016 _aBNE19994311469
016 _aBNE19994291523
016 _aBNE20004067715
017 _aM 45781-1997
_bOficina Depósito Legal Madrid
020 _a8488333196
035 _a(OCoLC)215072229
035 _a(SpMaBN)bimo0001259894
035 _a28176960-34bne_inst
035 _a28176958-34bne_inst
035 _a28176959-34bne_inst
035 _a991051668929708606
040 _aSpMaBN
_bspa
_cSpMaBN
_erdc
040 _aSpMaBN-R
_bspa
_cSpMaBN
040 _aSpMaBN-R
_bspa
_cSpMaBN
080 _a821.134.2-392"15"
080 _a821.134.2-311
100 _aBarahona, Francisco,
_ds. XVI
_9238021
_eaut
240 1 0 _aFlor de caballerías
245 1 0 _aFlor de caballerías /
_cFrancisco Barahona ; edición de José Manuel Lucía Megías.
260 _aAlcalá de Henares :
_bCentro de Estudios Cervantinos,
_c1997.
300 _aXL, 282 p. :
_bil. ;
_c24 cm.
336 _2rdacontent
_atexto
337 _2rdamedia
_asin mediación
338 _2rdacarrier
_avolumen
490 1 _aLos libros de Rocinante ;
_v2
700 1 _aLucía Megías, José Manuel,
_d1967-
_epbl
_9240291
830 _9238022
_aLos libros de Rocinante ;
_v2
852 _aES-MaACL
_bR.154514
_cDEPOJ
_jN-9156
_hDonación: Editorial
_xEncuadernación rústica con solapas
_9205053
883 1 _aCotejo registros de fondos y signatura-ítem
_d20220521
942 _cMONOGRAFIA
_n0
999 _c196029
_d196029